| 000 | 00000nam##2200000za#4500 |
| 001 | 9.528890 |
| 003 | CaOODSP |
| 005 | 20200331225508 |
| 007 | ta |
| 008 | 150406|1997||||xxc||||| f|0| 0 eng|d |
| 040 | |aCaOODSP|beng |
| 041 | |aeng |
| 041 | |afre |
| 043 | |an-cn--- |
| 086 | 1 |aH12-30/109 |
| 110 | 1 |aCanada.|bHealth Canada. |bHealth Protection Branch. |
| 245 | 10|aIncidents involving patient lifts |
| 260 | |aOttawa - Ontario : |bHealth Canada. |
| 300 | |a6p. : |bfigs. ; |c28 cm. |
| 490 | 1 |aAlert: medical devices |vNo. 109, March 20, 1997 |
| 546 | |aBilingual |
| 563 | |aPamphlet |
| 590 | |a97-14|b1997-04-04 |
| 776 | 0#|tIncidents liés à l'utilisation de lève-patients |w(CaOODSP)9.588056 |
| 792 | |tIncidents liés à l'utilisation de lève-patients |efre|w(CaOODSP)9.528891 |
| 830 | #0|aAlert: medical devices ;|vNo. 109, March 20, 1997|w(CaOODSP)9.509384 |